| 000 | 00680nam a2200289Ia 4500 | ||
|---|---|---|---|
| 005 | 20260324125526.0 | ||
| 008 | 008 260324s9999 xx 000 0 eng d | ||
| 020 | _a9780203882542 | ||
| 037 | _aEBOOK | ||
| 040 | _aCRL | ||
| 040 | _beng | ||
| 040 | _cCRL | ||
| 041 | _2eng | ||
| 041 | _aeng | ||
| 084 | _qCRL | ||
| 100 |
_aMichael Dillon; Julian Reid _91178302 |
||
| 245 | 4 | _aThe Liberal Way of War | |
| 245 | 0 | _bKilling to Make Life Live | |
| 260 | _bTaylor and Francis | ||
| 260 | _c2009 | ||
| 365 | _a | ||
| 365 | _b230 | ||
| 856 | _uhttp://www.taylorfrancis.com/books/9780203882542 | ||
| 942 | _cEBOOK | ||
| 999 |
_c1773667 _d1773667 |
||